Zahlen in Dezimalzahlen umrechnen - Statistiken

Allgemein
  • Dieses Quiz wurde 300 mal gespielt
    213 seit der letzten Aktualisierung
  • Das Durchschnittsergebnis liegt bei 9 aus 20
Antwortstatistiken
Hint Antwort % Korrekt
1(2) 1
100%
1(3) 1
100%
1(13) 1
100%
1(15) 1
100%
101(3) 10
100%
13(7) 10
100%
A(16) 10
100%
15(6) 11
100%
B(12) 11
100%
21(6) 13
100%
14(9) 13
100%
D(14) 13
100%
15(9) 14
100%
12(12) 14
100%
11(13) 14
100%
10(14) 14
100%
E(16) 14
100%
1111(2) 15
100%
17(8) 15
100%
11(14) 15
100%
10(15) 15
100%
F(16) 15
100%
121(3) 16
100%
20(8) 16
100%
16(11) 17
100%
13(14) 17
100%
34(5) 19
100%
15(14) 19
100%
13(16) 19
100%
1A(11) 21
100%
18(13) 21
100%
17(15) 22
100%
27(8) 23
100%
18(16) 24
100%
100(5) 25
100%
34(7) 25
100%
31(8) 25
100%
1B(14) 25
100%
1A(15) 25
100%
42(6) 26
100%
32(8) 26
100%
24(11) 26
100%
20(13) 26
100%
1B(15) 26
100%
1A(16) 26
100%
30(9) 27
100%
1B(16) 27
100%
104(5) 29
100%
45(6) 29
100%
27(11) 29
100%
23(13) 29
100%
21(14) 29
100%
1E(15) 29
100%
3(5) 3
100%
3(11) 3
100%
110(5) 30
100%
33(9) 30
100%
37(8) 31
100%
34(9) 31
100%
27(12) 31
100%
23(14) 31
100%
21(15) 31
100%
30(11) 33
100%
50(7) 35
100%
43(8) 35
100%
40(9) 36
100%
2A(13) 36
100%
24(16) 36
100%
2A(14) 38
100%
36(11) 39
100%
4(7) 4
100%
4(13) 4
100%
101(2) 5
100%
5(9) 5
100%
21(3) 7
100%
7(9) 7
100%
8(12) 8
100%
8(15) 8
100%
9(12) 9
100%
9(14) 9
100%
101(5) 26
67%
1E(16) 30
67%
1(14) 1
50%
20(5) 10
50%
B(13) 11
50%
30(4) 12
50%
C(15) 12
50%
1110(2) 14
50%
22(6) 14
50%
14(13) 17
50%
21(9) 19
50%
17(12) 19
50%
14(15) 19
50%
2(4) 2
50%
2(7) 2
50%
19(12) 21
50%
17(14) 21
50%
42(5) 22
50%
16(16) 22
50%
21(11) 23
50%
1B(13) 24
50%
28(9) 26
50%
123(4) 27
50%
36(7) 27
50%
31(9) 28
50%
3(16) 3
50%
36(8) 30
50%
29(11) 31
50%
35(9) 32
50%
20(16) 32
50%
21(16) 33
50%
27(15) 37
50%
54(7) 39
50%
30(13) 39
50%
44(9) 40
50%
2A(15) 40
50%
5(14) 5
50%
110(2) 6
50%
6(12) 6
50%
8(9) 8
50%
13(6) 9
50%
10(9) 9
50%
9(11) 9
50%
C(13) 12
33%
44(6) 28
33%
2C(14) 40
25%
1(4) 1
0%
1(5) 1
0%
1(6) 1
0%
1(7) 1
0%
1(8) 1
0%
1(9) 1
0%
1(11) 1
0%
1(12) 1
0%
1(16) 1
0%
1010(2) 10
0%
22(4) 10
0%
14(6) 10
0%
12(8) 10
0%
11(9) 10
0%
A(11) 10
0%
A(12) 10
0%
A(13) 10
0%
A(14) 10
0%
A(15) 10
0%
1011(2) 11
0%
102(3) 11
0%
23(4) 11
0%
21(5) 11
0%
14(7) 11
0%
13(8) 11
0%
12(9) 11
0%
10(11) 11
0%
B(14) 11
0%
B(15) 11
0%
B(16) 11
0%
1100(2) 12
0%
110(3) 12
0%
22(5) 12
0%
20(6) 12
0%
15(7) 12
0%
14(8) 12
0%
13(9) 12
0%
11(11) 12
0%
10(12) 12
0%
C(14) 12
0%
C(16) 12
0%
1101(2) 13
0%
111(3) 13
0%
31(4) 13
0%
23(5) 13
0%
16(7) 13
0%
15(8) 13
0%
12(11) 13
0%
11(12) 13
0%
10(13) 13
0%
D(15) 13
0%
D(16) 13
0%
112(3) 14
0%
32(4) 14
0%
24(5) 14
0%
20(7) 14
0%
16(8) 14
0%
13(11) 14
0%
E(15) 14
0%
120(3) 15
0%
33(4) 15
0%
30(5) 15
0%
23(6) 15
0%
21(7) 15
0%
16(9) 15
0%
14(11) 15
0%
13(12) 15
0%
12(13) 15
0%
100(4) 16
0%
31(5) 16
0%
24(6) 16
0%
22(7) 16
0%
17(9) 16
0%
15(11) 16
0%
14(12) 16
0%
13(13) 16
0%
12(14) 16
0%
11(15) 16
0%
10(16) 16
0%
122(3) 17
0%
101(4) 17
0%
32(5) 17
0%
25(6) 17
0%
23(7) 17
0%
21(8) 17
0%
18(9) 17
0%
15(12) 17
0%
12(15) 17
0%
11(16) 17
0%
200(3) 18
0%
102(4) 18
0%
33(5) 18
0%
30(6) 18
0%
24(7) 18
0%
22(8) 18
0%
20(9) 18
0%
17(11) 18
0%
16(12) 18
0%
15(13) 18
0%
14(14) 18
0%
13(15) 18
0%
12(16) 18
0%
201(3) 19
0%
103(4) 19
0%
31(6) 19
0%
25(7) 19
0%
23(8) 19
0%
18(11) 19
0%
16(13) 19
0%
10(2) 2
0%
2(3) 2
0%
2(5) 2
0%
2(6) 2
0%
2(8) 2
0%
2(9) 2
0%
2(11) 2
0%
2(12) 2
0%
2(13) 2
0%
2(14) 2
0%
2(15) 2
0%
2(16) 2
0%
202(3) 20
0%
110(4) 20
0%
40(5) 20
0%
32(6) 20
0%
26(7) 20
0%
24(8) 20
0%
22(9) 20
0%
19(11) 20
0%
18(12) 20
0%
17(13) 20
0%
16(14) 20
0%
15(15) 20
0%
14(16) 20
0%
210(3) 21
0%
111(4) 21
0%
41(5) 21
0%
33(6) 21
0%
30(7) 21
0%
25(8) 21
0%
23(9) 21
0%
16(15) 21
0%
15(16) 21
0%
211(3) 22
0%
112(4) 22
0%
34(6) 22
0%
31(7) 22
0%
26(8) 22
0%
24(9) 22
0%
20(11) 22
0%
1A(12) 22
0%
19(13) 22
0%
18(14) 22
0%
212(3) 23
0%
113(4) 23
0%
43(5) 23
0%
35(6) 23
0%
32(7) 23
0%
25(9) 23
0%
1B(12) 23
0%
1A(13) 23
0%
19(14) 23
0%
18(15) 23
0%
17(16) 23
0%
220(3) 24
0%
120(4) 24
0%
44(5) 24
0%
40(6) 24
0%
33(7) 24
0%
30(8) 24
0%
26(9) 24
0%
22(11) 24
0%
20(12) 24
0%
1A(14) 24
0%
19(15) 24
0%
221(3) 25
0%
121(4) 25
0%
41(6) 25
0%
27(9) 25
0%
23(11) 25
0%
21(12) 25
0%
1C(13) 25
0%
19(16) 25
0%
222(3) 26
0%
122(4) 26
0%
35(7) 26
0%
22(12) 26
0%
1C(14) 26
0%
102(5) 27
0%
43(6) 27
0%
33(8) 27
0%
25(11) 27
0%
23(12) 27
0%
21(13) 27
0%
1D(14) 27
0%
1C(15) 27
0%
130(4) 28
0%
103(5) 28
0%
40(7) 28
0%
34(8) 28
0%
26(11) 28
0%
24(12) 28
0%
22(13) 28
0%
20(14) 28
0%
1D(15) 28
0%
1C(16) 28
0%
131(4) 29
0%
41(7) 29
0%
35(8) 29
0%
32(9) 29
0%
25(12) 29
0%
1D(16) 29
0%
11(2) 3
0%
10(3) 3
0%
3(4) 3
0%
3(6) 3
0%
3(7) 3
0%
3(8) 3
0%
3(9) 3
0%
3(12) 3
0%
3(13) 3
0%
3(14) 3
0%
3(15) 3
0%
132(4) 30
0%
50(6) 30
0%
42(7) 30
0%
28(11) 30
0%
26(12) 30
0%
24(13) 30
0%
22(14) 30
0%
20(15) 30
0%
43(7) 31
0%
25(13) 31
0%
1F(16) 31
0%
44(7) 32
0%
40(8) 32
0%
2A(11) 32
0%
28(12) 32
0%
26(13) 32
0%
24(14) 32
0%
22(15) 32
0%
45(7) 33
0%
41(8) 33
0%
36(9) 33
0%
29(12) 33
0%
27(13) 33
0%
25(14) 33
0%
23(15) 33
0%
46(7) 34
0%
42(8) 34
0%
37(9) 34
0%
31(11) 34
0%
2A(12) 34
0%
28(13) 34
0%
26(14) 34
0%
24(15) 34
0%
22(16) 34
0%
38(9) 35
0%
32(11) 35
0%
2B(12) 35
0%
29(13) 35
0%
27(14) 35
0%
25(15) 35
0%
23(16) 35
0%
51(7) 36
0%
44(8) 36
0%
33(11) 36
0%
30(12) 36
0%
28(14) 36
0%
26(15) 36
0%
52(7) 37
0%
45(8) 37
0%
41(9) 37
0%
34(11) 37
0%
31(12) 37
0%
2B(13) 37
0%
29(14) 37
0%
25(16) 37
0%
53(7) 38
0%
46(8) 38
0%
42(9) 38
0%
35(11) 38
0%
32(12) 38
0%
2C(13) 38
0%
28(15) 38
0%
26(16) 38
0%
47(8) 39
0%
43(9) 39
0%
33(12) 39
0%
2B(14) 39
0%
29(15) 39
0%
27(16) 39
0%
100(2) 4
0%
11(3) 4
0%
10(4) 4
0%
4(5) 4
0%
4(6) 4
0%
4(8) 4
0%
4(9) 4
0%
4(11) 4
0%
4(12) 4
0%
4(14) 4
0%
4(15) 4
0%
4(16) 4
0%
55(7) 40
0%
50(8) 40
0%
37(11) 40
0%
34(12) 40
0%
31(13) 40
0%
28(16) 40
0%
12(3) 5
0%
11(4) 5
0%
10(5) 5
0%
5(6) 5
0%
5(7) 5
0%
5(8) 5
0%
5(11) 5
0%
5(12) 5
0%
5(13) 5
0%
5(15) 5
0%
5(16) 5
0%
20(3) 6
0%
12(4) 6
0%
11(5) 6
0%
10(6) 6
0%
6(7) 6
0%
6(8) 6
0%
6(9) 6
0%
6(11) 6
0%
6(13) 6
0%
6(14) 6
0%
6(15) 6
0%
6(16) 6
0%
111(2) 7
0%
13(4) 7
0%
12(5) 7
0%
11(6) 7
0%
10(7) 7
0%
7(8) 7
0%
7(11) 7
0%
7(12) 7
0%
7(13) 7
0%
7(14) 7
0%
7(15) 7
0%
7(16) 7
0%
1000(2) 8
0%
22(3) 8
0%
20(4) 8
0%
13(5) 8
0%
12(6) 8
0%
11(7) 8
0%
10(8) 8
0%
8(11) 8
0%
8(13) 8
0%
8(14) 8
0%
8(16) 8
0%
1001(2) 9
0%
100(3) 9
0%
21(4) 9
0%
14(5) 9
0%
12(7) 9
0%
11(8) 9
0%
9(13) 9
0%
9(15) 9
0%
9(16) 9
0%
Keine übereinstimmenden Quizze gefunden
Verteilung der Resultate
Anzahl Personen mit jedem Resultat
Perzentil nach korrekt beantworteten Fragen
Ihre Resultats-Entwicklung
Sie haben dieses Quiz seit der letzten Aktualisierung nicht gespielt